000 00524nam a2200205 a 4500
001 BRCA_6160
005 20190320205344.0
008 060711s1912----gw-#######---#000-0#ger-#
041 _ager
044 _agw
050 4 _aPT2638
_b.N5 M3
_c1912
100 1 _aSchnitzler, Arthur
_d1862-1931
_915488
245 1 0 _aMasken und Wunder
_cvon Arthur Schnitzler.
260 _aBerlĂ­n
_bG. Fischer
_c1912
300 _a190 p.
_c19 cm.
500 _aK43
650 1 4 _aLiteratura austriaca
_915490
902 _aGFM
942 _2lcc
_cB
999 _c5847
_d5847